[Event "Penang op-A 14th"]
[Site "Penang"]
[Date "2022.12.23"]
[Round "7"]
[White "Revinthran, Darshan"]
[Black "Dau, Khuong Duy"]
[Result "1/2-1/2"]
[WhiteElo "1738"]
[BlackElo "2244"]
[PlyCount "106"]
[EventDate "2022.12.19"]
[EventType "swiss"]
[EventRounds "9"]
[EventCountry "MAS"]
[SourceTitle "CBM 211 Extra"]
[Source "ChessBase"]
[SourceDate "2023.01.31"]
[SourceVersion "1"]
[SourceVersionDate "2023.01.31"]
[SourceQuality "1"]

1. e4 c5 2. Nf3 d6 3. d4 cxd4 4. Nxd4 Nf6 5. Nc3 g6 6. Be3 Bg7 7. f3 0-0 8. Qd2 Nc6 9. Bc4 Bd7 10. 0-0-0 Rc8 11. Bb3 Ne5 12. Kb1 Nc4 13. Bxc4 Rxc4 14. g4 b5 15. b3 b4 16. bxc4 bxc3 17. Qxc3 Qc7 18. h4 Rc8 19. Rhe1 h5 20. g5 Ne8 21. Kc1 Qb7 22. Rd3 Qa6 23. Qa3 Qxc4 24. Kd2 e5 25. Rc3 exd4 26. Rxc4 dxe3+ 27. Rxe3 Rxc4 28. Qxa7 Rc7 29. Qa5 Be5 30. Rb3 Rc8 31. Qa7 Bf4+ 32. Kd1 Be6 33. Rb8 Kf8 34. Rxc8 Bxc8 35. a4 Bg3 36. a5 Bxh4 37. Qa8 Be6 38. a6 Bxg5 39. a7 Be3 40. Ke2 Bc5 41. Qb8 Bxa7 42. Qxa7 g5 43. Qe3 f6 44. Qa7 h4 45. Kf2 h3 46. Qh7 Ng7 47. Kg3 Kf7 48. Qh8 Ne8 49. c4 Ng7 50. f4 gxf4+ 51. Kxf4 Bd7 52. Kg3 Be6 53. Qh6 Bd7 1/2-1/2